Electricidad y magnetismo / (Record no. 113430)

MARC details
000 -LEADER
campo de control de longitud fija 00741nam a2200217 i 4500
001 - NÚMERO DE CONTROL
campo de control 113430
003 - IDENTIFICADOR DE NÚMERO DE CONTROL
campo de control ES-MaACL
005 - FECHA Y HORA DE LA ÚLTIMA TRANSACCIÓN
campo de control 20250910063114.0
007 - CAMPO FIJO DE DESCRIPCIÓN FÍSICA--INFORMACIÓN GENERAL
campo de control de longitud fija t|
008 - DATOS DE LONGITUD FIJA--INFORMACIÓN GENERAL
campo de control de longitud fija 061121s1945 sp r ||||1| spa d
100 1# - ENTRADA PRINCIPAL--NOMBRE DE PERSONA
Nombre de persona Palacios, Julio,
Fechas asociadas al nombre 1891-1970
9 (RLIN) 88408
245 10 - MENCIÓN DEL TÍTULO
Título Electricidad y magnetismo /
Mención de responsabilidad, etc. por Julio Palacios Martínez ; con un prólogo de Esteban Terradas.
260 ## - PUBLICACIÓN, DISTRIBUCIÓN, ETC.
Lugar de publicación, distribución, etc. Madrid :
Nombre del editor, distribuidor, etc. Ministerio del Aire, INTA,
Fecha de publicación, distribución, etc. 1945.
300 ## - DESCRIPCIÓN FÍSICA
Extensión XVI, 496 p. ;
Dimensiones 26 cm.
650 07 - PUNTO DE ACCESO ADICIONAL DE MATERIA--TÉRMINO DE MATERIA
Término de materia o nombre geográfico como elemento de entrada Electricidad
Fuente del encabezamiento o término embne
9 (RLIN) 12159
650 04 - PUNTO DE ACCESO ADICIONAL DE MATERIA--TÉRMINO DE MATERIA
Término de materia o nombre geográfico como elemento de entrada Magnetismo.
9 (RLIN) 14735
700 1# - ENTRADA AGREGADA--NOMBRE PERSONAL
Nombre de persona Terradas, Esteban.
9 (RLIN) 109767
710 2# - ENTRADA AGREGADA--NOMBRE DE ENTIDAD CORPORATIVA
Nombre de entidad corporativa o nombre de jurisdicción como elemento de entrada Instituto Nacional de Técnica Aeroespacial (España)
9 (RLIN) 5191
852 ## - LOCALIZACIÓN
Ubicación ES-MaACL
Número de control de estantería F-15104
Sublocalización o colección R.21772
Holdings
Estatus retirado Estado de pérdida Estado de daño No para préstamo Biblioteca de origen Biblioteca actual Ubicación en estantería Fecha de adquisición Fuente de adquisición Total de préstamos Signatura topográfica completa Código de barras Visto por última vez Precio de reemplazo Tipo de ítem Koha
        Biblioteca del Ateneo de Madrid Biblioteca del Ateneo de Madrid Sala Pecera Planta 2 17/01/2008     F-15104 1118305 23/02/2023 23/02/2023 Libro impreso